Êtes-vous rapide ? Test de rapidité aaa,bbb - Statistiques

Statistiques générales
  • Ce quiz a été pris 9 438 fois
  • Le résultat moyen est 14 sur 26
Statistiques - réponses
Lettre Réponse % Correct
Aaa Aaa
100%
Bbb Bbb
96%
Ccc Ccc
94%
Ddd Ddd
93%
Eee Eee
92%
Fff Fff
90%
Ggg Ggg
87%
Hhh Hhh
84%
Iii Iii
80%
Jjj Jjj
74%
Kkk Kkk
70%
Lll Lll
65%
Mmm Mmm
59%
Nnn Nnn
52%
Ooo Ooo
46%
Ppp Ppp
41%
Qqq Qqq
33%
Rrr Rrr
27%
Sss Sss
21%
Ttt Ttt
17%
Uuu Uuu
14%
Vvv Vvv
9%
Www Www
6%
Xxx Xxx
4%
Yyy Yyy
3%
Zzz Zzz
3%
Aucun quiz correspondant
Distribution des résultats
% des personnes avec chaque résultat
Percentile par nombre de réponses
Votre historique - résultats
Vous n’avez pas pris ce quiz